| 000 | nam a22 a 4500 | ||
|---|---|---|---|
| 999 |
_c46078 _d46078 |
||
| 003 | BLK | ||
| 005 | 20230407100407.0 | ||
| 008 | 180408b bul|||||r ||||||| ||bul|| | ||
| 010 | _aKNG00049881000 | ||
| 040 | _aBLK | ||
| 041 |
_aBUL _cBUL |
||
| 080 |
_aАмериканска литература (на САЩ) _b821.111(73) _x-312.4 _z821.111(73)-312.4 |
||
| 100 | 1 |
_aСпилейн, Мики _eпърви автор _gМорис, Франк _9122690 |
|
| 139 |
_aСпилейн, Мики _bС 57 |
||
| 245 | 1 | 0 |
_aБърз е моят револвер _bКримин. роман _cМики Спилейн. |
| 257 | _aUSA | ||
| 260 |
_aСофия _bЕвразия _c1993 |
||
| 300 |
_a256 с. _c20 см |
||
| 380 | _aX | ||
| 500 | _aОриг. загл. My Gun is Quick / Mickey Spillane. - Офс. изд. - 10 100 тир. | ||
| 653 | _aкрими | ||
| 653 | _aромани | ||
| 852 |
_aЦб 172570 _bЦб |
||
| 856 | 4 |
_qpdf _i0.00 _ldisable |
|
| 856 | 4 |
_qpdf _i0.00 _ldisable |
|
| 942 |
_cKNG _n0 _s1 |
||
| 944 |
_aCR _c10.05.2005 _lф / _kГеновева_Генчева |
||
| 944 |
_aED _c16.05.2005 _lф / |
||
| 999 | _d46078 | ||
| 999 | _d46078 | ||